| 000 -LEADER |
| fixed length control field |
01446cam a2200397 i 4500 |
| 001 - CONTROL NUMBER |
| control field |
17791697 |
| 003 - CONTROL NUMBER IDENTIFIER |
| control field |
OSt |
| 005 - DATE AND TIME OF LATEST TRANSACTION |
| control field |
20180117090006.0 |
| 007 - PHYSICAL DESCRIPTION FIXED FIELD--GENERAL INFORMATION |
| fixed length control field |
ta |
| 008 - FIXED-LENGTH DATA ELEMENTS--GENERAL INFORMATION |
| fixed length control field |
130527s2013 ii ab b 000 0 eng d |
| 010 ## - LIBRARY OF CONGRESS CONTROL NUMBER |
| LC control number |
2013332242 |
| 020 ## - INTERNATIONAL STANDARD BOOK NUMBER |
| International Standard Book Number |
9789382381150 (v. 1) |
| 020 ## - INTERNATIONAL STANDARD BOOK NUMBER |
| International Standard Book Number |
9382381155 (v. 1) |
| 020 ## - INTERNATIONAL STANDARD BOOK NUMBER |
| International Standard Book Number |
9789382381167 (v. 2) |
| 020 ## - INTERNATIONAL STANDARD BOOK NUMBER |
| International Standard Book Number |
9382381163 (v. 2) |
| 025 ## - OVERSEAS ACQUISITION NUMBER |
| Overseas acquisition number |
I-E-2013-332242; 63-90; 63-09; 63-22 |
| 035 ## - SYSTEM CONTROL NUMBER |
| System control number |
(OCoLC)ocn844936404 |
| 035 ## - SYSTEM CONTROL NUMBER |
| System control number |
(OCoLC)844936404 |
| 037 ## - SOURCE OF ACQUISITION |
| Stock number |
Library of Congress -- New Delhi Overseas Office |
| 040 ## - CATALOGING SOURCE |
| Original cataloging agency |
DKAGE |
| Language of cataloging |
eng |
| Description conventions |
rda |
| Transcribing agency |
DKAGE |
| Modifying agency |
DLC |
| 042 ## - AUTHENTICATION CODE |
| Authentication code |
lccopycat |
| -- |
lcode |
| 043 ## - GEOGRAPHIC AREA CODE |
| Geographic area code |
a-ii--- |
| 050 00 - LIBRARY OF CONGRESS CALL NUMBER |
| Classification number |
DS485.K27 |
| Item number |
N66 2013 |
| 082 04 - DEWEY DECIMAL CLASSIFICATION NUMBER |
| Classification number |
954.6 |
| Edition number |
23 |
| 100 1# - MAIN ENTRY--PERSONAL NAME |
| Personal name |
Noorani, Abdul Gafoor Abdul Majeed, |
| Dates associated with a name |
1930- |
| Relator term |
author. |
| 245 14 - TITLE STATEMENT |
| Title |
The Kashmir dispute, 1947-2012 / |
| Statement of responsibility, etc. |
A.G. Noorani. |
| 260 ## - PUBLICATION, DISTRIBUTION, ETC. |
| Place of publication, distribution, etc. |
New York |
| Name of publisher, distributor, etc. |
Oxford university press |
| Date of publication, distribution, etc. |
2014 |
| 300 ## - PHYSICAL DESCRIPTION |
| Extent |
2 volumes : |
| Other physical details |
illustrations, map ; |
| Dimensions |
25 cm |
| 504 ## - BIBLIOGRAPHY, ETC. NOTE |
| Bibliography, etc. note |
Includes bibliographical references. |
| 651 #0 - SUBJECT ADDED ENTRY--GEOGRAPHIC NAME |
| Geographic name |
Jammu and Kashmir (India) |
| General subdivision |
Politics and government |
| Chronological subdivision |
20th century. |
| 651 #0 - SUBJECT ADDED ENTRY--GEOGRAPHIC NAME |
| Geographic name |
Jammu and Kashmir (India) |
| General subdivision |
Politics and government |
| Chronological subdivision |
21st century. |
| 906 ## - LOCAL DATA ELEMENT F, LDF (RLIN) |
| a |
7 |
| b |
cbc |
| c |
copycat |
| d |
3 |
| e |
ncip |
| f |
20 |
| g |
y-gencatlg |
| 942 ## - ADDED ENTRY ELEMENTS (KOHA) |
| Source of classification or shelving scheme |
|
| Koha item type |
Book |